000 01630nam a2200421 i 4500
001 197679
003 ES-MaACL
005 20250827063235.0
008 250426s2010 sp | |||| 001 0 spa
015 _aMON10
017 _aB 45337-2010
_bOficina Depósito Legal Barcelona
020 _a9788425427565
035 _a(OCoLC)733602553
035 _a(SpMaBN)a4993253
040 _aSpMaBN
_bspa
_cSpMaBN
_erdc
080 _a929 Benedicto XVI, Papa (047.53)
100 1 _aBenedicto
_bXVI,
_cPapa
_9234934
_eive
245 1 0 _aLuz del mundo :
_bel Papa, la Iglesia y los signos de los tiempos : una conversación con Peter Seewald /
_cBenedicto XVI ; traducción de Roberto H. Bernet.
250 _aPrimera edición, segunda impresión
260 _aBarcelona :
_bHerder,
_cD.L. 2010.
300 _a227 páginas ;
_c22 cm.
336 _2rdacontent
_atexto
337 _2rdamedia
_asin mediación
338 _2rdacarrier
_avolumen
500 _aÍndice
594 _aTítulo original: Licht der Welt
600 0 _aBenedicto
_bXVI,
_cPapa-
_vEntrevistas
_2embne
_9241090
655 0 _9234232
_aEntrevistas
700 1 _aSeewald, Peter
_9105098
_eivr
700 1 _aHeraldo Bernet, Roberto
_962629
_etrl
852 _aES-MaACL
_cDEPOJ
_jN-10551
_hDonación: José Lázaro García
_xEncuadernación rústica con solapas
_9206674
903 _9234219
_aLázaro García, José
_ednr
942 _cMONOGRAFIA
_n0
999 _c197679
_d197679